Central Library OPAC University of Rajshahi

فتح المغيث بشرح ألفية الحديث ;; Fatḥ al-mughīth bi-sharḥ Alfīyat al-ḥadīth / (Record no. 77916)

MARC details
000 -LEADER
fixed length control field 01035cam a2200241 a 4500
001 - CONTROL NUMBER
control field 77916
003 - CONTROL NUMBER IDENTIFIER
rucl marc code BD-RjUL
005 - DATE AND TIME OF LATEST TRANSACTION
control field 20211209083050.0
008 - FIXED-LENGTH DATA ELEMENTS--GENERAL INFORMATION
fixed length control field 210210s1999 ua b 000 0 ara d
035 ## - SYSTEM CONTROL NUMBER
System control number (BD-RjUL)78142
040 ## - CATALOGING SOURCE
Original cataloging agency MH
Transcribing agency MH
Modifying agency CStRLIN
-- MiU
Language of cataloging eng
041 ## - LANGUAGE CODE
Language code of text/sound track or separate title ara
082 ## - DEWEY DECIMAL CLASSIFICATION NUMBER
Edition number 23
Classification number 297.12516
Author mark and year SAF 1999
100 1# - MAIN ENTRY--PERSONAL NAME
Personal name سخاوي، محمد بن عبدالرحمن ;; Sakhāwī, Muḥammad ibn ʿAbd al-Raḥmān,
Dates associated with a name 1427 or 1428-1497.
9 (RLIN) 244688
245 10 - TITLE STATEMENT
Title فتح المغيث بشرح ألفية الحديث ;; Fatḥ al-mughīth bi-sharḥ Alfīyat al-ḥadīth /
Statement of responsibility, etc. أبي عبد الله محمد بن عبدالرحمن السخاوي ;; Abī ʿAbd Allāh Muḥammad ibn ʿAbd al-Raḥmān al-Sakhāwī
250 ## - EDITION STATEMENT
Edition statement al-Ṭabʿah 1.
260 ## - PUBLICATION, DISTRIBUTION, ETC. (IMPRINT)
Place of publication, distribution, etc. Cairo :
Name of publisher, distributor, etc. Al Maktubat Al Tawfiqia ,
Date of publication, distribution, etc. 1999
300 ## - PHYSICAL DESCRIPTION
Pagination v. ;
Size 25 cm.
504 ## - BIBLIOGRAPHY, ETC. NOTE
Bibliography, etc Includes bibliographical references.
505 ## - FORMATTED CONTENTS NOTE
Formatted contents note Vol. 1.--v.2.--v.3
650 #0 - SUBJECT ADDED ENTRY--TOPICAL TERM
Topical term or geographic name as entry element Hadith
General subdivision Criticism, interpretation, etc.
Form subdivision Early works to 1800.
9 (RLIN) 244689
942 ## - ADDED ENTRY ELEMENTS (KOHA)
Source of classification or shelving scheme Dewey Decimal Classification
Koha item type Books
Holdings
Lost status Source of classification or shelving scheme Damaged status Not for loan Collection code Permanent Location Current Location Shelving location Date acquired Source of acquisition Cost, normal purchase price Total Checkouts Full call number Date last seen Copy number Koha item type
  Dewey Decimal Classification   Not For Loan Non-fiction Central Library, University of Rajshahi Central Library, University of Rajshahi   23/08/2008 Maktabatul Arabiah , Dhaka 400.00   A 297.12516 SAF V-1 1999 10/02/2021 C-1 Books
  Dewey Decimal Classification   Not For Loan Non-fiction Central Library, University of Rajshahi Central Library, University of Rajshahi   23/08/2008 Maktabatul Arabiah , Dhaka 400.00   A 297.12516 SAF V-2 1999 10/02/2021 C-1 Books
  Dewey Decimal Classification   Not For Loan Non-fiction Central Library, University of Rajshahi Central Library, University of Rajshahi Reading Room 23/08/2008 Maktabatul Arabia 400.00   297.12516 SAF V-3 1999 11/04/2021 C-1 Books